Top 10 countries with the lowest recorded crime rate - Statistics

General Stats
  • This quiz has been taken 370 times
  • The average score is 3 of 10
Answer Stats
No. of reported crimes (2013) Answer % Correct
92 Iceland
79%
90 Andorra
64%
103 Liechtenstein
53%
13 Bhutan
31%
132 Cyprus
26%
99 Estonia
24%
173 Montenegro
10%
176 Armenia
8%
163 Albania
6%
132 Azerbaijan
5%
No matching quizzes found
Score Distribution
Percent of People with Each Score
Percentile by Number Answered
Your Score History
You have not taken this quiz